Evolution (Record no. 851)
[ view plain ]
| 000 -LEADER | |
|---|---|
| campo de control de longitud fija | 00863nas a2200289 i 4500 |
| 001 - NÚMERO DE CONTROL | |
| campo de control | 851 |
| 003 - IDENTIFICADOR DE NÚMERO DE CONTROL | |
| campo de control | ES-MaACL |
| 005 - FECHA Y HORA DE LA ÚLTIMA TRANSACCIÓN | |
| campo de control | 20250814011826.0 |
| 007 - CAMPO FIJO DE DESCRIPCIÓN FÍSICA--INFORMACIÓN GENERAL | |
| campo de control de longitud fija | t| |
| 008 - DATOS DE LONGITUD FIJA--INFORMACIÓN GENERAL | |
| campo de control de longitud fija | 950801c1947 xxu | | 1 ||ng d |
| 022 ## - NÚMERO INTERNACIONAL NORMALIZADO PARA PUBLICACIONES SERIADAS | |
| Número Internacional Normalizado para Publicaciones Seriadas | 0014-3820 |
| 080 ## - NÚMERO DE LA CLASIFICACIÓN DECIMAL UNIVERSAL | |
| Número de la Clasificación Decimal Universal | (73) |
| 080 ## - NÚMERO DE LA CLASIFICACIÓN DECIMAL UNIVERSAL | |
| Número de la Clasificación Decimal Universal | 57 |
| 245 00 - MENCIÓN DEL TÍTULO | |
| Título | Evolution |
| Resto del título | : international journal of organic evolution. |
| 260 ## - PUBLICACIÓN, DISTRIBUCIÓN, ETC. | |
| Lugar de publicación, distribución, etc. | Lawrence, Kansas : |
| Nombre del editor, distribuidor, etc. | Society for the Study of Evolution, |
| Fecha de publicación, distribución, etc. | 1947- |
| 300 ## - DESCRIPCIÓN FÍSICA | |
| Extensión | 23 v. ; |
| Dimensiones | 26 cm. |
| 310 ## - PERIODICIDAD ACTUAL | |
| Periodicidad actual | Mensual, |
| Fecha de comienzo de la periodicidad actual | 2001- |
| 321 ## - PERIODICIDAD ANTERIOR | |
| Periodicidad anterior | Bimestral, |
| Fechas de la periodicidad anterior | 1992-2000 |
| 321 ## - PERIODICIDAD ANTERIOR | |
| Periodicidad anterior | 8 veces al año, |
| Fechas de la periodicidad anterior | hasta 1991 |
| 362 0# - FECHAS DE PUBLICACIÓN Y/O DESIGNACIÓN SECUENCIAL | |
| Fecha de publicación y/o designación secuencial | 1947- |
| 500 ## - NOTA GENERAL | |
| Nota general | Descripción basada en : n. 1, v. 44. |
| 650 17 - PUNTO DE ACCESO ADICIONAL DE MATERIA--TÉRMINO DE MATERIA | |
| Término de materia o nombre geográfico como elemento de entrada | Biología |
| Fuente del encabezamiento o término | embne |
| 9 (RLIN) | 10580 |
| 710 2# - ENTRADA AGREGADA--NOMBRE DE ENTIDAD CORPORATIVA | |
| Nombre de entidad corporativa o nombre de jurisdicción como elemento de entrada | Society for the Study of Evolution. |
| 9 (RLIN) | 6869 |
| 852 ## - LOCALIZACIÓN | |
| Ubicación | ES-MaACL |
| Número de control de estantería | HEM-H-406 |
| Encuadernación | Hem-1858 |
| Signatura antigua | |
| 866 #0 - MENCIÓN TEXTUAL DE FONDOS--UNIDAD BIBLIOGRÁFICA BÁSICA | |
| Fondos | 1990-2000(2001 f. n 12)2002-2005. |
| Estatus retirado | Estado de pérdida | Estado de daño | No para préstamo | Colección | Biblioteca de origen | Biblioteca actual | Ubicación en estantería | Fecha de adquisición | Fuente de adquisición | Total de préstamos | Signatura topográfica completa | Código de barras | Visto por última vez | Precio de reemplazo | Tipo de ítem Koha |
|---|---|---|---|---|---|---|---|---|---|---|---|---|---|---|---|
| Periódicos y Revistas | Biblioteca del Ateneo de Madrid | Biblioteca del Ateneo de Madrid | Hemeroteca | 17/01/2008 | HEM-H-406 | 1000866 | 23/02/2023 | 23/02/2023 | Revista |
